Statistics for Most Populous Countries with Exceptions

Click here to take the quiz!

General Stats

  • This quiz has been taken 32,676 times
    (17,263 since last reset)
  • The average score is 17 of 20

Answer Stats

Population Country % Correct
329 milUnited States
100%
212 miBrazil
99%
82.4 milGermany
98%
67.5 milUnited Kingdom
98%
67.0 milFrance
97%
132 milMexico
97%
111 milRussia
94%
59.2 milItaly
94%
46.4 milSpain
94%
201 milNigeria
93%
45.1 milArgentina
93%
101 milEgypt
92%
58.0 milSouth Africa
91%
86.7 milD.R. Congo
85%
49.9 milColombia
85%
110 milEthiopia
81%
52.2 milKenya
74%
43.8 milUkraine
70%
60.9 milTanzania
68%
45.7 milUganda
47%

Score Distribution

Percentile by Number Answered

Percent of People with Each Score

Your Score History

You have not taken this quiz since the last reset